000 01110nam a22003137a 4500
003 CHAP
005 20220329135555.0
008 971013s1980 r 00010 d
010 _a38736
011 _a39708
035 _a43833
040 _cCHAP
090 _aTesis
100 0 0 _aEspinosa Guajardo, César Alfonso.
_937946
245 _aEstudio socio-económico de la capricultura en los municipios de Villaldama y Bustamante, N. L.
260 _aMonterrey, N. L. :
_bEl autor,
_c1980
300 _a143 h.
_b; apénd. ; gráfs. ; mapa
502 _aTesis (Ing. Agr. Zootecnista) -- Universidad Autónoma de Nuevo León. Facultad de Agronomía
590 _aALEPH
_b10
_c20130110
_lUCH01
_h1304
590 _aBATCH-UPD
_b10
_c20130110
_lUCH01
_h1958
590 _aBATCH-UPD
_b10
_c20130410
_lUCH01
_h1318
590 _aBATCH-UPD
_b10
_c20130914
_lUCH01
_h1507
590 _aCONVERSION
_b10
_c20130109
_lUCH01
_h1322
650 1 4 _aGanado cabrío
_xAspectos económicos.
_944994
650 1 4 _aGanado cabrío
_xNuevo León.
_945029
901 _aBK
942 _cTESIS
949 _bBC
_cTES
_d-100286
_eTS1
_i43833
_si
999 _c38736
_d38736